JJBA Stand Users Part 3-8 - Statistics

General Stats
  • This quiz has been taken 135 times
  • The average score is 22 of 161
Answer Stats
Stand Stand User % Correct
Hermit Purple Joseph Joestar
95%
Star Platinum | Star Platinum, The World Jotaro Kujo
71%
ZA WARUDO DIO
55%
Chariot Requiem | Silver Chariot Jean Pierre Polnareff
46%
Hierophant Green Noriaki Kakyoin
45%
Magician’s Red Muhammad Avdol
42%
Killer Queen | Killer Queen Bites The Dust Yoshikage Kira
37%
G.E.R. | Gold Experience Giorno Giovanna
36%
Crazy Diamond | Soft & Wet Josuke Higashikata
35%
The Fool Iggy
34%
Echoes Act 0-3 | Echoes Act 3 Koichi Hirose
34%
Tusk Act 1-4 Johnny Joestar
31%
C-Moon | Made In Heaven | Whitesnake Enrico Pucci
28%
Emperor Hol Horse
28%
King Crimson Diavolo
27%
Justice Enya/Enya the Hag
27%
Heaven’s Door Rohan Kishibe
27%
Cream Vanilla Ice
24%
Tohth Boingo
23%
Khnum Oingo
23%
Dirty Deeds Done Dirt Cheap (D4C) | Dirty Deeds Done Dirt Cheap |Love Train| (D4C) President Funny Valentine/Funny Valentine
23%
Sex Pistols Guido Mista
22%
Stone Free Jolyne Cujoh
22%
Spice Girl Trish Una
22%
Scary Monsters Diego ‘Dio’ Brando/Diego Brando
19%
Bastet Mariah
19%
Lovers Steely Dan
19%
Aerosmith Narancia Ghirga
18%
Osiris Daniel J. D’arby/D’arby
17%
Foo Fighters Foo Fighters
16%
Ball Breaker Gyro Zeppeli
16%
Purple Haze Pannacotta Fugo
16%
Atum Telence T. D’arby/D’arby
16%
Strength Forever
15%
Aqua Necklace Angelo
14%
Hanged Man J. Geil
14%
Geb N’Doul
14%
Beach Boy Pesci
14%
Tower of Gray Gray Fly
13%
Black Sabbath Polpo
13%
Weather Report Wes Aquamarine/Weather Report
13%
Death 13 Mannish Boy
12%
Horus Pet Shop
12%
Kiss Ermes Costello
11%
Dark Blue Moon Imposter Captain Tennille/Captain Tennille
11%
Metallica Risotto Nero
11%
Oasis Secco
11%
Wheel of Fortune ZZ
10%
The Sun Arabia Fats
9%
Green Day Cioccolata
9%
Mr. President Coco Jumbo
9%
Ebony Devil Devo/Devo the Cursed
9%
Man in the Mirror Illuso
9%
The High Priestess Midler
9%
Empress Nena
9%
The Grateful Dead Prosciutto
9%
Stray Cat Tama
9%
Wonder of U Toru
9%
Red Hot Chili Pepper Akira Otoishi
8%
Tiny Feet Formaggio
8%
Babyface Melone
8%
Yellow Temperance Rubber Soul
8%
Achtung Baby Shizuka Joestar
8%
Epitaph Vinegar Doppio
8%
Love Deluxe Yukako Yamagishi
8%
Notorious B.I.G Carne
7%
Under World Donatello Versus
7%
White Album Ghiaccio
7%
Cream Starter Hot Pants
7%
Diver Down Narciso Anasui
7%
Hey Ya! Pocoloco
7%
In a Silent Way Sandman/Soundman
7%
Clash Squalo
7%
Pearl Jam Tonio Trussardi
7%
Sethan Allesi
6%
Ratt Bug-Eaten
6%
Judgement Cameo
6%
Burning Down the House Emporio Alnino
6%
Goo Goo Dolls Gwess
6%
Speed King Jobin Higashikata
6%
Tenore Sax Kenny G.
6%
Oh, Lonesome Me! Mountain Tim
6%
Bohemian Rhapsody Ungalo
6%
Paisley Park Yasuho Hirose
6%
Cinderella Aya Tsuji
5%
Anubis Caravan Serai/Chaka/Khan
5%
Ticket to Ride Lucy Steel
5%
Green, Green Grass of Home The Green Baby
5%
Catch the Rainbow Blackmore
4%
Nut King Call Joshu Higashikata
4%
Soft Machine Mario Zucchero
4%
King Nothing Norisuke Higashikata
4%
Mandam Ringo Roadagain
4%
Harvest Shigechi Yangu/Shigekiyo Yangu
4%
Talking Head Tiziano
4%
Atom Heart Father Yoshihiro Kira
4%
Civil War Axl RO
3%
Sticky Fingers Bruno Buccelati
3%
California King Bed Daiya Higashikata
3%
Chocolate Disco D-I-S-C-O
3%
Blue Hawaii Dolomite
3%
Scary Monsters Dr. Ferdinand/Doctor Ferdinand
3%
Tatoo You! Eleven Men
3%
Walking Heart Hato Higashikata
3%
Manhattan Transfer Johngalli A.
3%
20th Century Boy Magent Magent
3%
Tubular Bells Mike O.
3%
Doggy Style Rai Mamezuku
3%
Sky High Rikiel
3%
Kraft Work Sale
3%
Rolling Stones Scolippi
3%
Limp Bizkit Sports Maxx
3%
The Lock Tamami Kobayashi
3%
Highway to Hell Thunder McQueen
3%
Highway Star Yuya Fungami
3%
Tomb of the Boom Boom Boom Family
2%
Yo-Yo Ma D an G
2%
Space Trucking Kaato Higashikata
2%
Boy II Man Ken Oyanagi
2%
Awaking III Leaves Mitsuba Higashikata
2%
Ozon Baby Poor Tom
2%
Wired Pork Pie Hat Kid
2%
Les Feuilles Shakedown Road
2%
Enigma Terunosuke Miyamoto
2%
Surface Toshikazu Hazamada
2%
Super Fly Toyohiro Kanedaichi
2%
Paper Moon King Tsurugi Higashikata
2%
Brain Storm Urban Guerrilla
2%
Planet Waves Viviano Westwood
2%
Doctor Wu Wu Tomoki
2%
Love Love Deluxe Karera Sakunami
1%
Dragon’s Dream Kenzou
1%
Jumpin’ Jack Flash Lang Rangler
1%
Cheap Trick Masazo Kinoto
1%
Marilyn Manson Miraschon
1%
Fun Fun Fun Ojiro Sasame
1%
Vitamin C Tamaki Damo
1%
I Am A Rock Yotsuyu Yagiyama
1%
Doobie Wah! Aisho Dainejuyama
0%
Schott Key No. 1 & 2 A. Phew Brothers
0%
Bad Company Keicho Nijimuru
0%
Born This Way Kei Nijimuru
0%
Snow Mountain Large Tree
0%
Jail House Lock Miccuia Miuller
0%
Earth, Wind and Fire Mikitaka Kazekura
0%
The Hand Okuyasu Nijimuru
0%
Boku no Rhythm wo Kiitekure Ovecomova
0%
Milagro Man Zaihei Nigatake
0%
No matching quizzes found
Score Distribution
Percent of People with Each Score
Percentile by Number Answered
Your Score History
You have not taken this quiz